00717nam a22002297a 4500003000500000005001700005008004100022010000900063011000900072035000900081040000900090082001600099111012600115245001200241260003900253300001100292650003100303650003800334650003700372710001300409710006500422CHAP20220817041203.0971013s1987 r 10010 d a8226 a9198 a8432 cCHAP a338.19bS4400aSeminario Internacional Empresas Públicas y Sistemas de Distribución de Productos Básicos (d1986c: México,D.F.) aMemoria aMéxico, D.F. :bEl Centro,c1987 a202 p.14aAlimentosxAbastecimiento.14aPolítica alimentariaxMéxico.14aProductos agrícolasxMercadeo. aCONASUPO0 aCentro de Investigación y Docencia Económicas. México.